000 00505nam a2200193Ia 4500
005 20260429112201.0
008 260429s9999||||xx |||||||||||||| ||und||
020 _a9789389296440
041 _aEnglish
082 _a338.954
_bDHI
100 _aDhingra, Ishwar C.
245 0 _aResource base of the Indian economy /
_cIshwar C. Dhingra
250 _a1st ed.
260 _aNew Delhi :
_bManakin Press,
_c2026.
300 _axiii, 556 p.; pbk
650 _a India
650 _aEconomy
942 _cTB
999 _c52775
_d52775